Aspectes de nova observació en l'obra poètica de Jacint Verdaguer / Miquel Arimany
Descripción Física:
220 p. ; 22 cm
MARC
| LEADER | 00000nam a2200000Ia 4500 | ||
|---|---|---|---|
| 001 | 2025 | ||
| 008 | 160829s1986 xx 000 0 cat d | ||
| 080 | |a L-1-319 | ||
| 100 | |a Arimany, Miquel |9 23777 | ||
| 245 | |a Aspectes de nova observació en l'obra poètica de Jacint Verdaguer / Miquel Arimany | ||
| 260 | |a Barcelona : |b Miquel Arimany, editor, |c 1986 | ||
| 300 | |a 220 p. ; |c 22 cm | ||
| 590 | |a Amb la col·laboració de la Diputació de Barcelona. | ||
| 600 | 1 | 0 | |a Verdaguer, Jacint, |d 1845-1902 |x Crítica i interpretació |9 55235 |
| 710 | 1 | |a Barcelona (Catalunya : Província). |b Diputació |9 52408 | |
| 901 | |a Arxiu | ||
| 942 | |n 1 | ||
| 952 | |0 0 |1 0 |4 0 |6 L1319 |7 1 |9 42848 |a Arxiu |b Arxiu |d 2016-12-01 |l 0 |o L-1-319 |p 2025 |r 2016-12-01 00:00:00 |w 2016-12-01 |y ARXIU | ||
| 999 | |c 45354 |d 45354 | ||